000 01130nam a2200337 i 4500
005 20160213111524.0
008 140114b1999 ck ||||| |||| 00| 0 spa d
020 _a9589581625
040 _aCO-BoIAVH
_cCO-BoIAVH
041 _aspa
044 _ack
082 0 4 _a633.2
_bG63a
100 1 _aGómez, María Elena
245 1 0 _aArboles y arbustos forrajeros utilizados en alimentación animal como fuente protéica /
_cMaría Elena Gómez y (otros siete autores).
260 _aCali
_bFAO
_bConsejo Centroamericano de bosques y áreas protegidas
_c1995
300 _a129 páginas
505 _a
650 2 6 _aPastos
650 2 6 _aArbustos
650 2 6 _aPlantas forrajeras
650 2 6 _aArboles
662 _aColombia
700 1 _aRodríguez, Lylian
_eautora.
700 1 _aMurgueitio, Enrique
_eautor.
700 1 _aRíos, Clara Inés
_eautora.
700 1 _aMolina, Carlos Hernan
_eautor.
700 1 _aMolina, Carlos Hernando
_eautor.
700 1 _aMolina, Enrique
_eautor.
700 1 _aMolina, Juan Pablo
_eautor.
942 _cLIBRO
_2ddc
999 _c91
_d91